[Event "DVM U20w 2020"]
[Site "Willingen GER"]
[Date "2021.06.26"]
[Round "6"]
[White "Bardorz, Jana"]
[Black "Kalina, Lena"]
[Result "1-0"]
[Termination "normal"]
[Board "3.2"]
[WhiteElo "1939"]
[BlackElo "1585"]
[WhiteClock "00:12:04"]
[BlackClock "00:02:47"]
[WhiteTeam "SC Bavaria Regensburg von 1881 e.V."]
[BlackTeam "SC Landskrone"]
[PlyCount "91"]
[WhiteFideId "16208897"]
[BlackFideId "12988014"]
[EventCountry "GER"]
[EventRounds "7"]
[EventType "team-swiss"]
[EventDate "2021.06.23"]

1. e4 {[%clk 01:30:57]  [%emt 00:00:03]} 1... c5 { [%clk 01:30:54]  [%emt
00:00:05]} 2. Nf3 {[%clk 01:31:22]  [%emt 00:00:05]} 2... Nc6 {[%clk 01:31:19] 
[%emt 00:00:05]} 3. d4 { [%clk 01:31:48]  [%emt 00:00:04]} 3... cxd4 {[%clk
01:31:45]  [%emt 00:00:05]} 4. Nxd4 {[%clk 01:32:12]  [%emt 00:00:06]} 4... g6
{ [%clk 01:32:09]  [%emt 00:00:06]} 5. Nc3 {[%clk 01:32:13]  [%emt 00:00:29]}
5... Bg7 {[%clk 01:32:29]  [%emt 00:00:10]} 6. Be3 { [%clk 01:32:31]  [%emt
00:00:12]} 6... Nf6 {[%clk 01:32:22]  [%emt 00:00:37]} 7. Bc4 {[%clk 01:32:23] 
[%emt 00:00:38]} 7... O-O { [%clk 01:31:31]  [%emt 00:01:20]} 8. Bb3 {[%clk
01:32:46]  [%emt 00:00:08]} 8... Qa5 {[%clk 01:31:03]  [%emt 00:00:58]} 9. O-O
{ [%clk 01:32:02]  [%emt 00:01:15]} 9... d6 {[%clk 01:29:08]  [%emt 00:02:24]}
10. h3 {[%clk 01:32:15]  [%emt 00:00:16]} 10... Bd7 { [%clk 01:27:01]  [%emt
00:02:38]} 11. Re1 {[%clk 01:31:59]  [%emt 00:00:46]} 11... Nxd4 {[%clk
01:23:11]  [%emt 00:04:20]} 12. Bxd4 { [%clk 01:31:53]  [%emt 00:00:36]} 12...
Bc6 {[%clk 01:21:40]  [%emt 00:02:02]} 13. Nd5 {[%clk 01:26:45]  [%emt
00:05:37]} 13... Rfe8 { [%clk 01:18:23]  [%emt 00:03:46]} 14. Qf3 {[%clk
01:17:16]  [%emt 00:10:00]} 14... Nxd5 {[%clk 01:14:15]  [%emt 00:04:39]} 15.
Bxg7 { [%clk 01:16:24]  [%emt 00:01:21]} 15... Kxg7 {[%clk 01:14:20]  [%emt
00:00:25]} 16. exd5 {[%clk 01:16:17]  [%emt 00:00:37]} 16... Bd7 { [%clk
01:12:05]  [%emt 00:02:44]} 17. Re3 {[%clk 01:11:18]  [%emt 00:05:29]} 17...
Qd8 {[%clk 01:03:53]  [%emt 00:08:42]} 18. Rae1 { [%clk 01:09:34]  [%emt
00:02:15]} 18... a5 {[%clk 01:01:35]  [%emt 00:02:48]} 19. c3 {[%clk 01:02:22] 
[%emt 00:07:42]} 19... a4 { [%clk 00:58:14]  [%emt 00:03:52]} 20. Bc2 {[%clk
01:02:45]  [%emt 00:00:06]} 20... b5 {[%clk 00:55:18]  [%emt 00:03:26]} 21. Qf4
{ [%clk 00:56:39]  [%emt 00:06:36]} 21... e5 {[%clk 00:51:26]  [%emt 00:04:23]}
22. dxe6 {[%clk 00:55:30]  [%emt 00:01:38]} 22... Bxe6 { [%clk 00:48:08]  [%emt
00:03:48]} 23. a3 {[%clk 00:52:38]  [%emt 00:03:22]} 23... Qd7 {[%clk 00:42:41]
 [%emt 00:05:56]} 24. Rd1 { [%clk 00:46:56]  [%emt 00:06:12]} 24... Red8 {[%clk
00:38:20]  [%emt 00:04:51]} 25. Red3 {[%clk 00:42:50]  [%emt 00:04:37]} 25...
Ra6 { [%clk 00:34:56]  [%emt 00:03:54]} 26. Rd4 {[%clk 00:41:25]  [%emt
00:01:55]} 26... Bc4 {[%clk 00:29:35]  [%emt 00:05:51]} 27. Be4 { [%clk
00:36:49]  [%emt 00:05:06]} 27... Rb6 {[%clk 00:17:47]  [%emt 00:12:18]} 28. h4
{[%clk 00:30:24]  [%emt 00:06:55]} 28... h5 { [%clk 00:14:11]  [%emt 00:04:05]}
29. Bf3 {[%clk 00:19:07]  [%emt 00:11:47]} 29... Qe7 {[%clk 00:10:59]  [%emt
00:03:43]} 30. Rxc4 { [%clk 00:15:43]  [%emt 00:03:54]} 30... bxc4 {[%clk
00:02:43]  [%emt 00:08:46]} 31. Qd4+ {[%clk 00:16:07]  [%emt 00:00:06]} 31...
Kg8 { [%clk 00:02:57]  [%emt 00:00:15]} 32. Qxb6 {[%clk 00:16:32]  [%emt
00:00:06]} 32... Qxh4 {[%clk 00:02:47]  [%emt 00:00:40]} 33. Rxd6 { [%clk
00:15:00]  [%emt 00:02:02]} 33... Re8 {[%clk 00:02:10]  [%emt 00:01:07]} 34.
Rd1 {[%clk 00:14:44]  [%emt 00:00:45]} 34... Re6 { [%clk 00:00:36]  [%emt
00:02:04]} 35. Qd8+ {[%clk 00:14:50]  [%emt 00:00:25]} 35... Qxd8 {[%clk
00:00:59]  [%emt 00:00:07]} 36. Rxd8+ { [%clk 00:15:15]  [%emt 00:00:05]} 36...
Kg7 {[%clk 00:01:25]  [%emt 00:00:04]} 37. Rb8 {[%clk 00:13:03]  [%emt
00:02:42]} 37... Rd6 { [%clk 00:01:04]  [%emt 00:00:52]} 38. Rb4 {[%clk
00:12:41]  [%emt 00:00:51]} 38... Rd2 {[%clk 00:01:26]  [%emt 00:00:07]} 39.
Rxa4 { [%clk 00:12:41]  [%emt 00:00:30]} 39... Rxb2 {[%clk 00:01:52]  [%emt
00:00:05]} 40. Rxc4 {[%clk 00:13:04]  [%emt 00:00:07]} 40... Rb3 { [%clk
00:01:52]  [%emt 00:00:29]} 41. a4 {[%clk 00:13:18]  [%emt 00:00:17]} 41... Ra3
{[%clk 00:02:05]  [%emt 00:00:17]} 42. Bc6 { [%clk 00:13:04]  [%emt 00:00:44]}
42... Ra1+ {[%clk 00:02:12]  [%emt 00:00:23]} 43. Kh2 {[%clk 00:13:28]  [%emt
00:00:06]} 43... Ra2 { [%clk 00:02:38]  [%emt 00:00:04]} 44. Kg3 {[%clk
00:12:52]  [%emt 00:01:05]} 44... Ra3 {[%clk 00:03:00]  [%emt 00:00:08]} 45.
Bb5 { [%clk 00:13:08]  [%emt 00:00:15]} 45... Kf6 {[%clk 00:02:47]  [%emt
00:00:42]} 46. Rc7 {[%clk 00:12:04]  [%emt 00:01:35]} 1-0

[Event "DVM U20w 2020"]
[Site "Willingen GER"]
[Date "2021.06.26"]
[Round "6"]
[White "Müller, Riyanna"]
[Black "Oberhofer, Marie"]
[Result "1/2-1/2"]
[Termination "normal"]
[Board "3.3"]
[WhiteElo "1419"]
[BlackElo "1771"]
[WhiteClock "00:53:53"]
[BlackClock "00:23:42"]
[WhiteTeam "SC Landskrone"]
[BlackTeam "SC Bavaria Regensburg von 1881 e.V."]
[PlyCount "89"]
[WhiteFideId "16287401"]
[BlackFideId "12938165"]
[EventCountry "GER"]
[EventRounds "7"]
[EventType "team-swiss"]
[EventDate "2021.06.23"]

1. e4 {[%clk 01:30:58]  [%emt 00:00:03]} 1... c5 { [%clk 01:30:53]  [%emt
00:00:06]} 2. c3 {[%clk 01:31:17]  [%emt 00:00:10]} 2... Nc6 {[%clk 01:30:54] 
[%emt 00:00:30]} 3. d4 {[%clk 01:31:15]  [%emt 00:00:32]} 3... cxd4 {[%clk
01:31:15]  [%emt 00:00:09]} 4. cxd4 { [%clk 01:31:32]  [%emt 00:00:13]} 4... e6
{[%clk 01:31:33]  [%emt 00:00:13]} 5. Nc3 {[%clk 01:31:16]  [%emt 00:00:45]}
5... Bb4 { [%clk 01:28:54]  [%emt 00:03:09]} 6. Nf3 {[%clk 01:30:07]  [%emt
00:01:39]} 6... Nge7 {[%clk 01:21:51]  [%emt 00:07:33]} 7. Bd3 { [%clk
01:27:15]  [%emt 00:03:22]} 7... d5 {[%clk 01:18:18]  [%emt 00:04:02]} 8. e5
{[%clk 01:25:55]  [%emt 00:01:50]} 8... Qa5 { [%clk 01:06:15]  [%emt 00:12:33]}
9. Qc2 {[%clk 01:21:23]  [%emt 00:05:03]} 9... Nf5 {[%clk 01:02:16]  [%emt
00:04:28]} 10. Bxf5 { [%clk 01:20:03]  [%emt 00:01:51]} 10... exf5 {[%clk
01:02:38]  [%emt 00:00:08]} 11. a3 {[%clk 01:16:41]  [%emt 00:03:52]} 11...
Bxc3+ { [%clk 00:53:13]  [%emt 00:09:55]} 12. bxc3 {[%clk 01:14:38]  [%emt
00:02:32]} 12... O-O {[%clk 00:52:27]  [%emt 00:01:16]} 13. O-O { [%clk
01:13:00]  [%emt 00:02:08]} 13... Be6 {[%clk 00:48:53]  [%emt 00:04:04]} 14. a4
{[%clk 01:06:09]  [%emt 00:07:22]} 14... Rfc8 { [%clk 00:42:54]  [%emt
00:06:29]} 15. Ba3 {[%clk 01:04:25]  [%emt 00:02:14]} 15... Qd8 {[%clk
00:42:16]  [%emt 00:01:07]} 16. Qb2 { [%clk 01:01:29]  [%emt 00:03:27]} 16...
Na5 {[%clk 00:38:53]  [%emt 00:03:52]} 17. Nd2 {[%clk 00:59:30]  [%emt
00:02:30]} 17... b6 { [%clk 00:37:49]  [%emt 00:01:33]} 18. Bb4 {[%clk
00:58:09]  [%emt 00:01:52]} 18... Nc4 {[%clk 00:35:21]  [%emt 00:02:58]} 19.
Nxc4 { [%clk 00:58:09]  [%emt 00:00:30]} 19... Rxc4 {[%clk 00:35:41]  [%emt
00:00:09]} 20. a5 {[%clk 00:57:53]  [%emt 00:00:47]} 20... Rc6 { [%clk
00:27:25]  [%emt 00:08:44]} 21. Qd2 {[%clk 00:54:41]  [%emt 00:03:43]} 21...
Rac8 {[%clk 00:25:22]  [%emt 00:02:33]} 22. axb6 { [%clk 00:52:23]  [%emt
00:02:48]} 22... axb6 {[%clk 00:25:39]  [%emt 00:00:13]} 23. Ra6 {[%clk
00:51:04]  [%emt 00:01:49]} 23... Bd7 { [%clk 00:23:22]  [%emt 00:02:47]} 24.
Qa2 {[%clk 00:48:36]  [%emt 00:02:59]} 24... Be6 {[%clk 00:16:56]  [%emt
00:06:55]} 25. Ra1 { [%clk 00:45:19]  [%emt 00:03:45]} 25... f4 {[%clk
00:16:31]  [%emt 00:00:57]} 26. f3 {[%clk 00:43:38]  [%emt 00:02:12]} 26... Qg5
{ [%clk 00:15:31]  [%emt 00:01:29]} 27. Qf2 {[%clk 00:40:24]  [%emt 00:03:44]}
27... h5 {[%clk 00:13:56]  [%emt 00:02:05]} 28. h4 { [%clk 00:37:45]  [%emt
00:03:10]} 28... Qg6 {[%clk 00:13:49]  [%emt 00:00:36]} 29. Kf1 {[%clk
00:36:22]  [%emt 00:01:53]} 29... Qd3+ { [%clk 00:13:51]  [%emt 00:00:28]} 30.
Qe2 {[%clk 00:36:15]  [%emt 00:00:38]} 30... Bf5 {[%clk 00:13:34]  [%emt
00:00:47]} 31. Kf2 { [%clk 00:35:04]  [%emt 00:01:41]} 31... Rg6 {[%clk
00:11:26]  [%emt 00:02:37]} 32. Qxd3 {[%clk 00:33:46]  [%emt 00:01:49]} 32...
Bxd3 { [%clk 00:11:50]  [%emt 00:00:06]} 33. Ra8 {[%clk 00:33:11]  [%emt
00:01:04]} 33... Rgc6 {[%clk 00:11:30]  [%emt 00:00:50]} 34. R1a7 { [%clk
00:30:55]  [%emt 00:02:46]} 34... Rxa8 {[%clk 00:09:41]  [%emt 00:02:20]} 35.
Rxa8+ {[%clk 00:31:15]  [%emt 00:00:09]} 35... Kh7 { [%clk 00:10:07]  [%emt
00:00:05]} 36. Rd8 {[%clk 00:31:18]  [%emt 00:00:26]} 36... Bc4 {[%clk
00:09:46]  [%emt 00:00:51]} 37. Re8 { [%clk 00:30:08]  [%emt 00:01:40]} 37...
Rc7 {[%clk 00:05:26]  [%emt 00:04:49]} 38. Re7 {[%clk 00:28:26]  [%emt
00:02:13]} 38... Rxe7 { [%clk 00:04:24]  [%emt 00:01:33]} 39. Bxe7 {[%clk
00:26:43]  [%emt 00:02:13]} 39... Kg6 {[%clk 00:04:27]  [%emt 00:00:25]} 40. g4
{ [%clk 00:25:21]  [%emt 00:01:53]} 40... fxg3+ {[%clk 00:04:15]  [%emt
00:00:44] } 41. Kxg3 {[%clk 00:25:34]  [%emt 00:00:16]} 41... Kf5 { [%clk
00:03:55]  [%emt 00:00:49]} 42. Bd8 {[%clk 00:25:00]  [%emt 00:01:03]} 42... b5
{[%clk 00:01:17]  [%emt 00:03:09]} 43. Be7 { [%clk 00:24:39]  [%emt 00:00:52]}
43... Bd3 {[%clk 00:27:56]  [%emt 00:03:50]} 44. Bd8 {[%clk 00:54:06]  [%emt
00:01:03]} 44... Bc2 { [%clk 00:23:42]  [%emt 00:04:44]} 45. Be7 {[%clk
00:53:53]  [%emt 00:00:43]} 1/2-1/2

[Event "DVM U20w 2020"]
[Site "Willingen GER"]
[Date "2021.06.26"]
[Round "6"]
[White "Pavlov, Liliane"]
[Black "Hartmann, Hannah"]
[Result "1-0"]
[Termination "normal"]
[Board "3.4"]
[WhiteElo "1740"]
[BlackElo "1327"]
[WhiteClock "00:28:23"]
[BlackClock "01:01:10"]
[WhiteTeam "SC Bavaria Regensburg von 1881 e.V."]
[BlackTeam "SC Landskrone"]
[PlyCount "79"]
[WhiteFideId "16225449"]
[BlackFideId "16235274"]
[EventCountry "GER"]
[EventRounds "7"]
[EventType "team-swiss"]
[EventDate "2021.06.23"]

1. d4 {[%clk 01:30:57]  [%emt 00:00:03]} 1... d5 { [%clk 01:30:57]  [%emt
00:00:03]} 2. c4 {[%clk 01:31:19]  [%emt 00:00:08]} 2... e6 {[%clk 01:31:23] 
[%emt 00:00:04]} 3. Nf3 {[%clk 01:31:43]  [%emt 00:00:05]} 3... c6 {[%clk
01:31:49]  [%emt 00:00:05]} 4. g3 { [%clk 01:32:02]  [%emt 00:00:11]} 4... Nf6
{[%clk 01:32:14]  [%emt 00:00:06]} 5. Bg2 {[%clk 01:32:23]  [%emt 00:00:08]}
5... Bd6 { [%clk 01:32:35]  [%emt 00:00:09]} 6. Nc3 {[%clk 01:32:36]  [%emt
00:00:17]} 6... Nbd7 {[%clk 01:32:51]  [%emt 00:00:14]} 7. O-O { [%clk
01:32:51]  [%emt 00:00:14]} 7... b6 {[%clk 01:31:39]  [%emt 00:01:44]} 8. b3
{[%clk 01:32:51]  [%emt 00:00:30]} 8... Bb7 { [%clk 01:31:50]  [%emt 00:00:18]}
9. Bb2 {[%clk 01:33:13]  [%emt 00:00:08]} 9... O-O {[%clk 01:31:05]  [%emt
00:01:15]} 10. Re1 { [%clk 01:31:14]  [%emt 00:02:29]} 10... Bb4 {[%clk
01:28:54]  [%emt 00:02:42]} 11. a3 {[%clk 01:29:31]  [%emt 00:02:13]} 11... Bd6
{ [%clk 01:28:36]  [%emt 00:00:48]} 12. Qc2 {[%clk 01:27:53]  [%emt 00:02:08]}
12... Re8 {[%clk 01:27:32]  [%emt 00:01:33]} 13. e4 { [%clk 01:17:33]  [%emt
00:10:50]} 13... dxe4 {[%clk 01:23:20]  [%emt 00:04:43]} 14. Nxe4 {[%clk
01:17:45]  [%emt 00:00:18]} 14... Nxe4 { [%clk 01:23:44]  [%emt 00:00:06]} 15.
Qxe4 {[%clk 01:17:47]  [%emt 00:00:27]} 15... Nf6 {[%clk 01:23:30]  [%emt
00:00:45]} 16. Qc2 { [%clk 01:17:47]  [%emt 00:00:30]} 16... Rc8 {[%clk
01:22:31]  [%emt 00:01:28]} 17. Rad1 {[%clk 01:16:20]  [%emt 00:01:57]} 17...
b5 { [%clk 01:21:25]  [%emt 00:01:37]} 18. c5 {[%clk 01:15:00]  [%emt
00:01:49]} 18... Be7 {[%clk 01:21:29]  [%emt 00:00:27]} 19. Ne5 { [%clk
01:12:10]  [%emt 00:03:20]} 19... Nd5 {[%clk 01:18:26]  [%emt 00:03:32]} 20.
Be4 {[%clk 01:09:00]  [%emt 00:03:41]} 20... f5 { [%clk 01:17:26]  [%emt
00:01:29]} 21. Bd3 {[%clk 01:02:42]  [%emt 00:06:48]} 21... Bf6 {[%clk
01:14:51]  [%emt 00:03:05]} 22. Nf3 { [%clk 01:00:50]  [%emt 00:02:22]} 22...
Qd7 {[%clk 01:12:46]  [%emt 00:02:34]} 23. Bc1 {[%clk 00:57:06]  [%emt
00:04:15]} 23... Qe7 { [%clk 01:09:04]  [%emt 00:04:13]} 24. Bxf5 {[%clk
00:54:54]  [%emt 00:02:41]} 24... Qf7 {[%clk 01:07:09]  [%emt 00:02:25]} 25.
Bxh7+ { [%clk 00:54:01]  [%emt 00:01:23]} 25... Kh8 {[%clk 01:06:10]  [%emt
00:01:30]} 26. Bg6 {[%clk 00:52:05]  [%emt 00:02:25]} 26... Qf8 { [%clk
01:05:05]  [%emt 00:01:35]} 27. Bxe8 {[%clk 00:52:10]  [%emt 00:00:25]} 27...
Rxe8 {[%clk 01:05:31]  [%emt 00:00:05]} 28. Qg6 { [%clk 00:49:44]  [%emt
00:02:55]} 28... Ne7 {[%clk 01:04:47]  [%emt 00:01:14]} 29. Qh5+ {[%clk
00:48:07]  [%emt 00:02:07]} 29... Kg8 { [%clk 01:04:50]  [%emt 00:00:27]} 30.
Bg5 {[%clk 00:37:41]  [%emt 00:10:56]} 30... Bc8 {[%clk 01:02:42]  [%emt
00:02:38]} 31. Re4 { [%clk 00:36:09]  [%emt 00:02:02]} 31... Qf7 {[%clk
01:02:06]  [%emt 00:01:06]} 32. Qh3 {[%clk 00:31:02]  [%emt 00:05:37]} 32... e5
{ [%clk 01:00:50]  [%emt 00:01:46]} 33. g4 {[%clk 00:30:24]  [%emt 00:01:08]}
33... Ng6 {[%clk 01:00:10]  [%emt 00:01:10]} 34. Bxf6 { [%clk 00:29:20]  [%emt
00:01:34]} 34... Qxf6 {[%clk 01:00:28]  [%emt 00:00:12]} 35. dxe5 {[%clk
00:29:08]  [%emt 00:00:42]} 35... Nxe5 { [%clk 01:00:35]  [%emt 00:00:24]} 36.
Rxe5 {[%clk 00:27:29]  [%emt 00:02:09]} 36... Rxe5 {[%clk 01:00:48]  [%emt
00:00:16]} 37. Nxe5 { [%clk 00:27:50]  [%emt 00:00:09]} 37... Qxe5 {[%clk
01:01:11]  [%emt 00:00:07]} 38. Rd8+ {[%clk 00:28:03]  [%emt 00:00:17]} 38...
Kf7 { [%clk 01:01:29]  [%emt 00:00:11]} 39. Rxc8 {[%clk 00:28:11]  [%emt
00:00:24]} 39... Qe1+ {[%clk 01:01:10]  [%emt 00:00:48]} 40. Kg2 { [%clk
00:28:23]  [%emt 00:00:18]} 1-0

[Event "DVM U20w 2020"]
[Site "Willingen GER"]
[Date "2021.06.26"]
[Round "6"]
[White "Schneider, Katharina"]
[Black "Flach, Helene"]
[Result "1/2-1/2"]
[Termination "normal"]
[Board "4.2"]
[WhiteElo "1744"]
[BlackElo "1749"]
[WhiteClock "00:25:40"]
[BlackClock "00:22:28"]
[WhiteTeam "OSG Baden-Baden"]
[BlackTeam "SK Langen"]
[PlyCount "90"]
[WhiteFideId "16200519"]
[BlackFideId "12929735"]
[EventCountry "GER"]
[EventRounds "7"]
[EventType "team-swiss"]
[EventDate "2021.06.23"]

1. e4 {[%clk 01:30:57]  [%emt 00:00:03]} 1... c5 { [%clk 01:30:48]  [%emt
00:00:12]} 2. Nf3 {[%clk 01:31:24]  [%emt 00:00:03]} 2... e6 {[%clk 01:31:10] 
[%emt 00:00:08]} 3. d4 { [%clk 01:31:51]  [%emt 00:00:03]} 3... cxd4 {[%clk
01:31:34]  [%emt 00:00:06]} 4. Nxd4 {[%clk 01:32:17]  [%emt 00:00:05]} 4... a6
{ [%clk 01:31:53]  [%emt 00:00:10]} 5. c4 {[%clk 01:32:40]  [%emt 00:00:07]}
5... Nf6 {[%clk 01:32:08]  [%emt 00:00:15]} 6. Nc3 {[%clk 01:33:05]  [%emt
00:00:05] } 6... Qc7 {[%clk 01:32:31]  [%emt 00:00:07]} 7. Qc2 { [%clk
01:33:31]  [%emt 00:00:04]} 7... b6 {[%clk 01:32:18]  [%emt 00:00:43]} 8. Be2
{[%clk 01:26:14]  [%emt 00:07:47]} 8... Bb7 { [%clk 01:32:19]  [%emt 00:00:30]}
9. a3 {[%clk 01:23:49]  [%emt 00:02:56]} 9... Bc5 {[%clk 01:28:48]  [%emt
00:04:00]} 10. Nb3 { [%clk 01:23:32]  [%emt 00:00:48]} 10... Be7 {[%clk
01:29:12]  [%emt 00:00:05]} 11. O-O {[%clk 01:22:15]  [%emt 00:01:46]} 11... d6
{ [%clk 01:29:25]  [%emt 00:00:18]} 12. Be3 {[%clk 01:20:29]  [%emt 00:02:15]}
12... Nbd7 {[%clk 01:29:31]  [%emt 00:00:24]} 13. f3 { [%clk 01:13:44]  [%emt
00:07:16]} 13... Rc8 {[%clk 01:16:07]  [%emt 00:13:54]} 14. Rac1 {[%clk
01:11:04]  [%emt 00:03:09]} 14... h5 { [%clk 01:10:23]  [%emt 00:06:14]} 15.
Nd4 {[%clk 01:04:02]  [%emt 00:07:33]} 15... h4 {[%clk 01:09:02]  [%emt
00:01:50]} 16. f4 { [%clk 00:50:49]  [%emt 00:13:43]} 16... Qb8 {[%clk
00:55:34]  [%emt 00:13:58]} 17. b4 {[%clk 00:47:34]  [%emt 00:03:46]} 17... Qa8
{ [%clk 00:42:10]  [%emt 00:13:54]} 18. Bd3 {[%clk 00:40:06]  [%emt 00:07:57]}
18... h3 {[%clk 00:35:19]  [%emt 00:07:22]} 19. g3 { [%clk 00:32:27]  [%emt
00:08:09]} 19... Ng4 {[%clk 00:33:49]  [%emt 00:01:59]} 20. Qe2 {[%clk
00:32:04]  [%emt 00:00:52]} 20... Nxe3 { [%clk 00:20:22]  [%emt 00:13:58]} 21.
Qxe3 {[%clk 00:32:29]  [%emt 00:00:05]} 21... Nf6 {[%clk 00:20:26]  [%emt
00:00:27]} 22. Qe2 { [%clk 00:28:38]  [%emt 00:04:21]} 22... Kd7 {[%clk
00:15:53]  [%emt 00:05:02]} 23. f5 {[%clk 00:27:04]  [%emt 00:02:04]} 23... Rh6
{ [%clk 00:08:47]  [%emt 00:07:36]} 24. fxe6+ {[%clk 00:27:11]  [%emt
00:00:23]} 24... fxe6 {[%clk 00:09:10]  [%emt 00:00:07]} 25. Na4 { [%clk
00:23:41]  [%emt 00:04:00]} 25... Qa7 {[%clk 00:04:19]  [%emt 00:05:22]} 26. e5
{[%clk 00:21:06]  [%emt 00:03:06]} 26... b5 { [%clk 00:04:09]  [%emt 00:00:40]}
27. c5 {[%clk 00:20:55]  [%emt 00:00:42]} 27... Nd5 {[%clk 00:00:52]  [%emt
00:03:46]} 28. exd6 { [%clk 00:15:55]  [%emt 00:05:30]} 28... Bxd6 {[%clk
00:01:00]  [%emt 00:00:21]} 29. Rf7+ {[%clk 00:09:39]  [%emt 00:06:45]} 29...
Be7 { [%clk 00:01:26]  [%emt 00:00:05]} 30. Rxe7+ {[%clk 00:09:21]  [%emt
00:00:49]} 30... Kxe7 {[%clk 00:01:05]  [%emt 00:00:51]} 31. Nf5+ { [%clk
00:09:45]  [%emt 00:00:05]} 31... Kd7 {[%clk 00:00:51]  [%emt 00:00:45]} 32.
Nxh6 {[%clk 00:08:07]  [%emt 00:02:07]} 32... gxh6 { [%clk 00:01:20]  [%emt
00:00:01]} 33. Qe5 {[%clk 00:06:16]  [%emt 00:02:21]} 33... Qb8 {[%clk
00:00:44]  [%emt 00:01:06]} 34. Qg7+ { [%clk 00:04:12]  [%emt 00:02:34]} 34...
Kd8 {[%clk 00:01:09]  [%emt 00:00:05]} 35. Qf8+ {[%clk 00:02:38]  [%emt
00:02:04]} 35... Kd7 { [%clk 00:01:18]  [%emt 00:00:22]} 36. Qf7+ {[%clk
00:02:52]  [%emt 00:00:14]} 36... Kd8 {[%clk 00:01:18]  [%emt 00:00:31]} 37.
Qxe6 { [%clk 00:01:59]  [%emt 00:01:23]} 37... bxa4 {[%clk 00:00:50]  [%emt
00:00:59]} 38. c6 {[%clk 00:00:46]  [%emt 00:01:43]} 38... Qa7+ { [%clk
00:00:40]  [%emt 00:00:39]} 39. Kh1 {[%clk 00:01:14]  [%emt 00:00:03]} 39...
Bxc6 {[%clk 00:00:33]  [%emt 00:00:37]} 40. Rxc6 { [%clk 00:01:38]  [%emt
00:00:06]} 40... Rxc6 {[%clk 00:00:38]  [%emt 00:00:25]} 41. Qxc6 {[%clk
00:02:03]  [%emt 00:00:04]} 41... Ne7 { [%clk 00:23:10]  [%emt 00:07:59]} 42.
Qd6+ {[%clk 00:29:18]  [%emt 00:03:14]} 42... Ke8 {[%clk 00:22:45]  [%emt
00:00:56]} 43. Bg6+ { [%clk 00:25:22]  [%emt 00:04:25]} 43... Nxg6 {[%clk
00:22:47]  [%emt 00:00:29]} 44. Qxg6+ {[%clk 00:25:49]  [%emt 00:00:03]} 44...
Qf7 { [%clk 00:22:48]  [%emt 00:00:29]} 45. Qc6+ {[%clk 00:25:40]  [%emt
00:00:35]} 45... Qd7 {[%clk 00:22:28]  [%emt 00:00:54]} 1/2-1/2